000 00525nam a2200181Ia 4500
003 GCL
008 140319s9999 xx 000 0 ara d
040 _aGCL /
_cGCL
082 0 4 _a160
_bم ا
100 1 _aمحمد عزيز نظمى سالم
245 1 0 _aالمنطقة واشكالة /
_cمحمد عزيز نظمى سالم
260 _a[S.N] :
_bمؤسسة شباب الجامعة
300 _a367 ص
490 _a
650 0 4 _aالمنطقة الاستوائية
650 0 4 _aالمنطقة
942 _2ddc
_cBK
999 _c51110
_d51110